InvestiGators : (Record no. 9589)
[ view plain ]
| 000 -LEADER | |
|---|---|
| fixed length control field | 01285nam a22002537a 4500 |
| 001 - CONTROL NUMBER | |
| control field | 9589 |
| 003 - CONTROL NUMBER IDENTIFIER | |
| control field | FISKH |
| 005 - DATE AND TIME OF LATEST TRANSACTION | |
| control field | 20260227163020.0 |
| 008 - FIXED-LENGTH DATA ELEMENTS--GENERAL INFORMATION | |
| fixed length control field | 260123b cb ||||| |||| 00| 0 eng d |
| 020 ## - INTERNATIONAL STANDARD BOOK NUMBER | |
| International Standard Book Number | 9781529096224 |
| 040 ## - CATALOGING SOURCE | |
| Original cataloging agency | FISKH |
| Language of cataloging | eng |
| Transcribing agency | FISKH |
| Modifying agency | FISKH |
| 050 ## - LIBRARY OF CONGRESS CALL NUMBER | |
| Classification number | PZ7.7 .G74 .A |
| 082 ## - DEWEY DECIMAL CLASSIFICATION NUMBER | |
| Classification number | 741.5 |
| 100 ## - MAIN ENTRY--PERSONAL NAME | |
| Personal name | Green , John Patrick |
| 245 ## - TITLE STATEMENT | |
| Title | InvestiGators : |
| Remainder of title | Braver and boulder / |
| Statement of responsibility, etc. | Written and illustrated by John Patrick Green with color by Wes Dzioba |
| 260 ## - PUBLICATION, DISTRIBUTION, ETC. | |
| Place of publication, distribution, etc. | London : |
| Name of publisher, distributor, etc. | Macmillan Children's Books , |
| Date of publication, distribution, etc. | 2022 . |
| 300 ## - PHYSICAL DESCRIPTION | |
| Extent | 200 pages : |
| Other physical details | color illustrations ; |
| Dimensions | 21 cm . |
| 490 ## - SERIES STATEMENT | |
| Series statement | InvestiGATORS |
| Volume/sequential designation | 5 |
| 520 ## - SUMMARY, ETC. | |
| Summary, etc. | The InvestiGators are having a hard time keeping a low profile with their new headquarters being a giant robot towering over the city! How can they be SECRET agents if everyone recognizes them? But with their ears to the ground, Mango and Brash hear mysterious rumblings about BOULDER BUDDIES...are they just the latest fad or part of a mob-run scheme? And could a rocky relationship from the InvestiGators' past be trembling beneath the surface? Find out in their most stone-cold dangerous mission yet!. |
| 650 ## - SUBJECT ADDED ENTRY--TOPICAL TERM | |
| Topical term or geographic name entry element | Talking animals |
| Form subdivision | Children's book |
| 700 ## - ADDED ENTRY--PERSONAL NAME | |
| Personal name | Dzioba , Wes |
| Relator term | Illustrator |
| 942 ## - ADDED ENTRY ELEMENTS (KOHA) | |
| Source of classification or shelving scheme | Dewey Decimal Classification |
| Koha item type | Books |
| Suppress in OPAC | No |
| Withdrawn status | Lost status | Source of classification or shelving scheme | Damaged status | Not for loan | Collection | Home library | Current library | Shelving location | Date acquired | Total Checkouts | Full call number | Barcode | Date last seen | Date last checked out | Price effective from | Koha item type |
|---|---|---|---|---|---|---|---|---|---|---|---|---|---|---|---|---|
| Dewey Decimal Classification | Fiction | Footprints International School Library Network Toul Tom Poung Campus | Footprints International School Library Network Toul Tom Poung Campus | TTP Comic Books all Levels | 01/23/2026 | 1 | GRE 741.5 PZ7.7 .G74 .A | 2026-0106 | 02/27/2026 | 02/05/2026 | 01/23/2026 | Books |
